| 000 | 00626nam a22002177a 4500 | ||
|---|---|---|---|
| 008 | 150701b xxu||||| |||| 00| 0 alb d | ||
| 020 | _a9789994357482 | ||
| 041 | 0 | _aalb | |
| 080 |
_a001.8 _x(035) |
||
| 100 | _aBarnet, Sylvian; Bellanca, Pat; et. al.; | ||
| 245 |
_aShkrimi akademik / _cSylvian Barnet; Pat Bellanca; Marcia Stubbs; |
||
| 260 |
_aTiranë : _bISP; _bDita ; _c2000. _c2008. |
||
| 300 |
_a445 f.: _bme il.; _c20 cm. |
||
| 500 | _aParathënie: f.17-19 | ||
| 650 | 0 | _aLetërsia | |
| 650 | 0 | _aShkrimi | |
| 650 | 0 | _aGjuhësia dhe gjuhët | |
| 650 | 0 | _aStili letrar | |
| 650 | 0 | _aManuale | |
| 942 |
_2udc _cBK |
||
| 999 |
_c1083 _d1083 |
||